[Event "NAYCC U18"]
[Site "Kingston CAN"]
[Date "2019.08.18"]
[Round "5.187"]
[White "Eidelman, Gabriel"]
[Black "Xu, Jeffrey"]
[Result "0-1"]
[WhiteElo "2133"]
[BlackElo "2067"]
[PlyCount "198"]
[EventDate "2019.08.16"]
[EventType "swiss"]
[EventRounds "9"]
[EventCountry "CAN"]

1. e4 e6 2. Qe2 e5 3. Nf3 d6 4. g3 Be7 5. Bg2 Nf6 6. O-O O-O 7. d3 c6 8. Nh4
Re8 9. Nf5 Bf8 10. h3 d5 11. g4 dxe4 12. dxe4 Be6 13. Be3 Qc7 14. Nd2 Rd8 15.
a4 Nbd7 16. c3 a5 17. Rfb1 Nc5 18. Bg5 Rxd2 19. Qxd2 Nb3 20. Qe2 Nxa1 21. Rxa1
Nd7 22. Ne7+ Kh8 23. Nd5 Qb8 24. Bd2 Qd6 25. Ne3 Nc5 26. c4 Nb3 27. Rd1 Nxd2
28. Qxd2 Qc5 29. Qc3 f6 30. Kf1 Kg8 31. Ke2 g6 32. b3 Kf7 33. Rd3 Bd6 34. Qd2
Bc7 35. Nc2 Bb6 36. Qe3 Qxe3+ 37. fxe3 Rh8 38. Rd1 h5 39. gxh5 gxh5 40. Kf2 Bc5
41. Bf3 Ke7 42. h4 b5 43. axb5 cxb5 44. Ne1 bxc4 45. bxc4 Bd6 46. Ra1 Bc7 47.
c5 Kd7 48. Bd1 Kc6 49. Nd3 Bc4 50. Ba4+ Bb5 51. Bxb5+ Kxb5 52. Ke2 Rg8 53. Rb1+
Kc4 54. Rc1+ Kb5 55. c6 Bd6 56. c7 Rc8 57. Rb1+ Kc6 58. Rf1 Be7 59. Rf5 Kxc7
60. Rxh5 a4 61. Rf5 Kd7 62. Rf1 Rc2+ 63. Kf3 Rd2 64. Ra1 Rxd3 65. Rxa4 Bc5 66.
Kg4 Ke6 67. Ra6+ Kf7 68. Kf5 Be7 69. Ra4 Rxe3 70. Kg4 Re1 71. Kh5 Rf1 72. Ra2
Rf4 73. Rh2 Rxe4 74. Kh6 Rg4 75. h5 f5 76. Ra2 f4 77. Kh7 Bf6 78. h6 Rh4 79.
Ra7+ Ke6 80. Kg6 Rg4+ 81. Kh7 Kf5 82. Ra5 Rh4 83. Ra6 Bg5 84. Kg8 Rxh6 85. Ra5
f3 86. Ra3 e4 87. Ra5+ Kf4 88. Kg7 f2 89. Ra1 e3 90. Ra8 f1=Q 91. Rf8+ Rf6 92.
Rxf6+ Bxf6+ 93. Kg8 Qg2+ 94. Kf7 Qg7+ 95. Ke6 e2 96. Kd5 Qd7+ 97. Kc4 e1=Q 98.
Kb3 Qb5+ 99. Kc2 Qbb1# 0-1

[Event "NAYCC U18"]
[Site "Kingston CAN"]
[Date "2019.08.18"]
[Round "5.188"]
[White "Wu, Derek"]
[Black "Wang, Jake"]
[Result "1-0"]
[WhiteElo "2032"]
[BlackElo "2116"]
[PlyCount "73"]
[EventDate "2019.08.16"]
[EventType "swiss"]
[EventRounds "9"]
[EventCountry "CAN"]

1. e4 c5 2. Nf3 e6 3. b3 a6 4. Bb2 Nc6 5. g3 Qc7 6. Bg2 d6 7. O-O Nf6 8. Re1 e5
9. h3 g6 10. c3 Bg7 11. a4 O-O 12. Na3 b6 13. d4 Bb7 14. Ra2 exd4 15. Nc2 dxc3
16. Bxc3 Rfe8 17. Qa1 Nh5 18. Bxg7 Nxg7 19. Ne3 Ne5 20. Nh2 h5 21. Rd2 Ne6 22.
f4 Nd7 23. Qc3 Bc6 24. Nd5 Qb7 25. Nf3 Rad8 26. f5 Ng7 27. fxg6 fxg6 28. Nh4
Bxd5 29. Rxd5 Ne5 30. Red1 Re6 31. Qe3 Kh7 32. Qg5 Nf7 33. Qd2 Ne5 34. Qf2 Qe7
35. Qe2 Nc6 36. Nf3 Rxe4 37. Qxe4 1-0

[Event "NAYCC U18"]
[Site "Kingston CAN"]
[Date "2019.08.18"]
[Round "5.189"]
[White "Wang, George"]
[Black "Li, Max"]
[Result "0-1"]
[WhiteElo "1887"]
[BlackElo "2113"]
[PlyCount "66"]
[EventDate "2019.08.16"]
[EventType "swiss"]
[EventRounds "9"]
[EventCountry "CAN"]

1. d4 Nf6 2. Nf3 d5 3. c4 c6 4. e3 e6 5. Qc2 Nbd7 6. b3 Ne4 7. Bd3 f5 8. O-O
Be7 9. Nfd2 Bf6 10. Bb2 O-O 11. f4 g5 12. Nf3 gxf4 13. exf4 Kh8 14. b4 Qc7 15.
Ne5 Nxe5 16. fxe5 Be7 17. cxd5 exd5 18. a3 Be6 19. Nc3 a5 20. b5 c5 21. Ne2 Qb6
22. Nf4 c4 23. Bxe4 fxe4 24. a4 Bg5 25. g3 Bxf4 26. Rxf4 Rxf4 27. gxf4 Rg8+ 28.
Kh1 Bg4 29. Rf1 Bf3+ 30. Rxf3 exf3 31. f5 Qh6 32. Bc1 Qh3 33. Be3 Qf1+ 0-1

[Event "NAYCC U18"]
[Site "Kingston CAN"]
[Date "2019.08.18"]
[Round "5.190"]
[White "Samadashvili, Martha"]
[Black "Rama, Tejas"]
[Result "1-0"]
[WhiteElo "2086"]
[BlackElo "2022"]
[PlyCount "79"]
[EventDate "2019.08.16"]
[EventType "swiss"]
[EventRounds "9"]
[EventCountry "CAN"]

1. e4 e5 2. Nf3 Nc6 3. Bc4 Nf6 4. d3 Be7 5. O-O O-O 6. c3 d6 7. Bb3 h6 8. Re1
Nd7 9. Nbd2 a5 10. Nf1 Nc5 11. Bc2 f5 12. exf5 Bxf5 13. Ng3 Bg4 14. d4 exd4 15.
cxd4 Nd7 16. Qd3 Nf6 17. Bb3+ d5 18. Ne5 a4 19. Bxh6 gxh6 20. Qg6+ Kh8 21.
Qxh6+ Kg8 22. Qg5+ Kh8 23. Ng6+ Kh7 24. Bc2 Ne4 25. Nxf8+ Qxf8 26. Bxe4+ dxe4
27. Qxg4 Bf6 28. Rxe4 Ne7 29. Qh5+ Kg8 30. Nf5 Nxf5 31. Qxf5 Rd8 32. Rd1 a3 33.
bxa3 c5 34. Rd3 Rxd4 35. Rdxd4 cxd4 36. Rg4+ Bg7 37. Qxf8+ Kxf8 38. Kf1 d3 39.
Ke1 Bc3+ 40. Kd1 1-0

[Event "NAYCC U18"]
[Site "Kingston CAN"]
[Date "2019.08.18"]
[Round "5.192"]
[White "Huang, Qiuyu"]
[Black "Zhao, Harry"]
[Result "1-0"]
[WhiteElo "2020"]
[BlackElo "1950"]
[PlyCount "107"]
[EventDate "2019.08.16"]
[EventType "swiss"]
[EventRounds "9"]
[EventCountry "CAN"]

1. e4 e6 2. d4 d5 3. Nc3 Bb4 4. e5 c5 5. a3 Bxc3+ 6. bxc3 Ne7 7. h4 Nbc6 8. h5
Qa5 9. Bd2 h6 10. Qg4 Nf5 11. Bd3 Rg8 12. Nf3 c4 13. Be2 Qa4 14. Kd1 Bd7 15.
Qf4 O-O-O 16. g4 Nfe7 17. g5 Nf5 18. Nh4 hxg5 19. Qxg5 Nfxd4 20. cxd4 Nxd4 21.
Rc1 c3 22. Bxc3 Nxe2 23. Kxe2 Qc4+ 24. Kd2 Bb5 25. Rce1 d4 26. Bb4 d3 27. Bd6
Qxc2+ 28. Ke3 d2 29. Rd1 Qd3+ 30. Kf4 f6 31. Qg6 fxe5+ 32. Bxe5 Rgf8+ 33. Kg5
Qd5 34. Qc2+ Bc6 35. f4 Rd7 36. Rh2 Rfd8 37. Rhxd2 Qxd2 38. Rxd2 Rxd2 39. Qg6
Rd1 40. Qxe6+ Bd7 41. Qc4+ Bc6 42. Ng6 Rg1+ 43. Kf5 Re8 44. Bxg7 Kb8 45. Be5+
Ka8 46. Qf7 Bb5 47. h6 Bd3+ 48. Kf6 Bxg6 49. Qg7 Rc1 50. Kxg6 Rg1+ 51. Kf7
Rxg7+ 52. hxg7 Rc8 53. g8=Q Rxg8 54. Kxg8 1-0

[Event "NAYCC U18"]
[Site "Kingston CAN"]
[Date "2019.08.18"]
[Round "5.193"]
[White "Gonzalez, Pedro"]
[Black "Ravuri, Vinesh"]
[Result "0-1"]
[WhiteElo "1632"]
[BlackElo "2192"]
[PlyCount "130"]
[EventDate "2019.08.16"]
[EventType "swiss"]
[EventRounds "9"]
[EventCountry "CAN"]

1. Nf3 Nf6 2. d3 g6 3. e4 d6 4. g3 Bg7 5. Bg2 O-O 6. O-O Nc6 7. Bd2 Rb8 8. Qc1
Bg4 9. h3 Bxf3 10. Bxf3 Nd4 11. Bd1 d5 12. e5 Nd7 13. c3 Ne6 14. d4 c5 15. Bg4
Qb6 16. Be3 h5 17. dxc5 Qc6 18. Bxe6 Qxe6 19. Kg2 Nxe5 20. Bh6 Nd3 21. Qd2 Qe4+
22. f3 Bxh6 23. fxe4 Bxd2 24. Nxd2 Rbd8 25. b4 d4 26. cxd4 Rxd4 27. a3 Rfd8 28.
Nb3 Rxe4 29. Rad1 Rd7 30. Nc1 Ne5 31. Rxd7 Nxd7 32. Rd1 Ne5 33. Rd8+ Kg7 34.
Rb8 b6 35. cxb6 axb6 36. Rxb6 Re1 37. Nb3 Re2+ 38. Kf1 Re3 39. Nd2 Rxa3 40. Rb7
Rxg3 41. Rxe7 Nc6 42. Re4 Rg5 43. Rc4 Ne7 44. Ne4 Re5 45. Nc3 Nd5 46. Nxd5 Rxd5
47. Rc3 Kf6 48. Ke2 Ke6 49. Ra3 Rb5 50. Ra4 Kd5 51. Kd3 g5 52. Kc3 f5 53. Ra8
Ke4 54. Kc4 Rb7 55. Rh8 g4 56. Rxh5 g3 57. Rg5 f4 58. b5 Rc7+ 59. Kb4 Rc1 60.
b6 f3 61. Rg4+ Kd5 62. Rxg3 f2 63. Rf3 f1=Q 64. Rxf1 Rxf1 65. h4 Kc6 0-1

[Event "NAYCC U18"]
[Site "Kingston CAN"]
[Date "2019.08.18"]
[Round "5.194"]
[White "Merrigan, Daley"]
[Black "Sands, Malik"]
[Result "1-0"]
[WhiteElo "1917"]
[BlackElo "1307"]
[PlyCount "45"]
[EventDate "2019.08.16"]
[EventType "swiss"]
[EventRounds "9"]
[EventCountry "CAN"]

1. d4 d5 2. c4 Nf6 3. Nc3 e6 4. Bg5 Bb4 5. e3 h6 6. Bxf6 Qxf6 7. Nf3 Bd7 8. Qb3
Nc6 9. cxd5 Bxc3+ 10. bxc3 Na5 11. Qa3 b6 12. dxe6 Qxe6 13. Ne5 O-O-O 14. Ba6+
Kb8 15. O-O Bc6 16. Rab1 f6 17. Nxc6+ Nxc6 18. c4 Na5 19. Qxa5 Rd6 20. c5 Rc6
21. Qa4 Ka8 22. Bb5 Kb7 23. Qa6+ 1-0

[Event "NAYCC U18"]
[Site "Kingston CAN"]
[Date "2019.08.18"]
[Round "5.195"]
[White "Beardall, Ben"]
[Black "De Costa, Alex"]
[Result "0-1"]
[WhiteElo "918"]
[BlackElo "1797"]
[PlyCount "76"]
[EventDate "2019.08.16"]
[EventType "swiss"]
[EventRounds "9"]
[EventCountry "CAN"]

1. e4 c5 2. Nf3 e6 3. d4 cxd4 4. Nxd4 a6 5. Nc3 Qc7 6. a3 b5 7. Bd3 Bb7 8. O-O
Nf6 9. Re1 d6 10. f3 Be7 11. Bd2 Nbd7 12. b4 O-O 13. Rc1 Ne5 14. Nce2 Nc4 15.
Bxc4 Qxc4 16. Be3 Rfd8 17. Nb3 Qc7 18. Na5 d5 19. Nxb7 Qxb7 20. e5 Nd7 21. Qd4
Rdc8 22. f4 Qc7 23. c3 f6 24. exf6 Bxf6 25. Qd2 Nb6 26. Bxb6 Qxb6+ 27. Kh1 Rc4
28. Rf1 Rd8 29. Rf3 e5 30. fxe5 Bxe5 31. Rf5 Qc7 32. h3 d4 33. Qg5 h6 34. Qh5
Bf6 35. Rxf6 gxf6 36. Qg6+ Qg7 37. Qxg7+ Kxg7 38. Nxd4 Rdxd4 0-1

[Event "NAYCC U18"]
[Site "Kingston CAN"]
[Date "2019.08.18"]
[Round "6.179"]
[White "Doknjas, Joshua"]
[Black "Wang, Wesley"]
[Result "1/2-1/2"]
[WhiteElo "2236"]
[BlackElo "2269"]
[PlyCount "98"]
[EventDate "2019.08.16"]
[EventType "swiss"]
[EventRounds "9"]
[EventCountry "CAN"]

1. e4 c6 2. Nc3 d5 3. Nf3 dxe4 4. Nxe4 Nf6 5. Qe2 Nxe4 6. Qxe4 Qa5 7. b4 Qf5 8.
Qe3 Qf6 9. Rb1 Qe6 10. a3 Qxe3+ 11. fxe3 Bf5 12. d3 Nd7 13. Nh4 Bg6 14. Nxg6
hxg6 15. g3 e5 16. Bg2 Rc8 17. c4 b6 18. Bb2 c5 19. b5 Bd6 20. a4 Ke7 21. Ke2
Rh7 22. h3 e4 23. Bxe4 Bxg3 24. Ra1 Be5 25. Bxe5 Nxe5 26. a5 Kd6 27. axb6 axb6
28. Ra7 Rc7 29. Ra6 Nd7 30. Bd5 g5 31. Bxf7 g4 32. h4 g5 33. Bg6 Rxh4 34. Be4
Rc8 35. Ra8 Rxa8 36. Bxa8 Ne5 37. Bd5 g3 38. Rg1 Rh2+ 39. Rg2 g4 40. Kf1 Nxd3
41. Rxg3 Ne5 42. Rg2 Rh1+ 43. Rg1 Rh7 44. Kg2 Rh3 45. Rf1 Rxe3 46. Rf6+ Kc7 47.
Re6 g3 48. Re7+ Kd8 49. Re6 Kc7 1/2-1/2

[Event "NAYCC U18"]
[Site "Kingston CAN"]
[Date "2019.08.18"]
[Round "6.180"]
[White "Costello, Alexander"]
[Black "Ouellet, Maili-Jade"]
[Result "1-0"]
[WhiteElo "2256"]
[BlackElo "2211"]
[PlyCount "99"]
[EventDate "2019.08.16"]
[EventType "swiss"]
[EventRounds "9"]
[EventCountry "CAN"]

1. e4 c5 2. Nf3 d6 3. d4 cxd4 4. Nxd4 Nf6 5. Nc3 a6 6. Be3 e5 7. Nb3 Be6 8. Qd2
Be7 9. f4 exf4 10. Bxf4 Nc6 11. O-O-O Bg4 12. Be2 Bxe2 13. Qxe2 Qc7 14. Nd5
Nxd5 15. exd5 Ne5 16. Nd4 O-O 17. Bxe5 dxe5 18. Nf5 Rad8 19. h4 Rfe8 20. Qe4 b5
21. g4 a5 22. Kb1 b4 23. g5 a4 24. Rh3 Kh8 25. Re3 Bc5 26. Red3 Bd6 27. h5 Rc8
28. Rf3 Red8 29. g6 fxg6 30. hxg6 h6 31. Nxg7 b3 32. axb3 axb3 33. cxb3 Qxg7
34. Rf7 Bf8 35. Rxg7 Bxg7 36. Rc1 Rb8 37. Rc7 Rb6 38. Qg4 Rbd6 39. Rc8 Rxd5 40.
Rxd8+ Rxd8 41. Qe4 Rf8 42. b4 Rf4 43. Qa8+ Rf8 44. Qd5 Rf6 45. b5 Rxg6 46. b6
Kh7 47. b7 Rb6 48. Qd3+ e4 49. Qxe4+ Kg8 50. Qe8+ 1-0

[Event "NAYCC U18"]
[Site "Kingston CAN"]
[Date "2019.08.18"]
[Round "6.181"]
[White "Yip, Carissa"]
[Black "Hua, Eugene"]
[Result "1/2-1/2"]
[WhiteElo "2300"]
[BlackElo "2301"]
[PlyCount "116"]
[EventDate "2019.08.16"]
[EventType "swiss"]
[EventRounds "9"]
[EventCountry "CAN"]

1. e4 c5 2. Nf3 d6 3. d4 Nf6 4. Nc3 cxd4 5. Nxd4 Nc6 6. Bg5 e6 7. Qd2 a6 8. f4
Bd7 9. O-O-O b5 10. Bxf6 gxf6 11. Kb1 b4 12. Nce2 Qb6 13. Nxc6 Bxc6 14. f5 e5
15. Ng3 h5 16. h4 Bh6 17. Qxd6 Rd8 18. Qxd8+ Qxd8 19. Rxd8+ Kxd8 20. Nxh5 Ke7
21. Bd3 Rg8 22. g3 Rg4 23. Re1 a5 24. c3 bxc3 25. bxc3 Rg8 26. Re2 Rd8 27. Bc4
Rd1+ 28. Kb2 Rg1 29. a3 Ba4 30. Bb3 Bc6 31. Ka2 Bc1 32. a4 Rh1 33. Bc2 Bh6 34.
Bb3 Bc1 35. Bc2 Bh6 36. Kb3 Ra1 37. g4 Bc1 38. Kc4 Ra2 39. Kd3 Bb7 40. Bb3 Rxe2
41. Kxe2 Bxe4 42. Bc4 Bb2 43. Ng3 Bc2 44. h5 Kf8 45. Kd2 Bxa4 46. h6 Kg8 47.
Ne4 Kh7 48. Bxf7 Kxh6 49. Bd5 Kg7 50. c4 Bb3 51. g5 fxg5 52. f6+ Kg6 53. f7 Kg7
54. Nxg5 a4 55. Ne6+ Kxf7 56. Nc5+ Ke7 57. Nxb3 axb3 58. c5 Bd4 1/2-1/2

[Event "NAYCC U18"]
[Site "Kingston CAN"]
[Date "2019.08.18"]
[Round "6.182"]
[White "Zhang, Yuanchen"]
[Black "Li, William"]
[Result "1-0"]
[WhiteElo "2305"]
[BlackElo "2135"]
[PlyCount "119"]
[EventDate "2019.08.16"]
[EventType "swiss"]
[EventRounds "9"]
[EventCountry "CAN"]

1. d4 Nf6 2. c4 b6 3. Nc3 Bb7 4. Qc2 d5 5. cxd5 Nxd5 6. e4 Nxc3 7. bxc3 e6 8.
Nf3 c5 9. Bb5+ Bc6 10. Bd3 cxd4 11. cxd4 Bb4+ 12. Bd2 Bxd2+ 13. Qxd2 O-O 14.
O-O Bb7 15. Rad1 Qd6 16. Rfe1 Nc6 17. e5 Qe7 18. d5 exd5 19. Qf4 f5 20. h4 Qb4
21. Qg5 Qg4 22. e6 h6 23. Qxg4 fxg4 24. Ne5 Nxe5 25. Rxe5 Rae8 26. e7 Rf6 27.
h5 Kf7 28. Bg6+ Rxg6 29. hxg6+ Kf6 30. Rde1 Bc8 31. Rxd5 Rxe7 32. Rxe7 Kxe7 33.
a3 Be6 34. Rd2 b5 35. Kh2 a5 36. Rb2 Bd7 37. Kg3 Kf6 38. Rd2 Be6 39. Rd6 Kf5
40. Ra6 a4 41. Rb6 Bc4 42. Kh4 Bf1 43. g3 Be2 44. Kh5 Bc4 45. Ra6 Be6 46. Ra5
Bc4 47. Ra7 Kf6 48. Rb7 Bb3 49. Rxb5 Be6 50. Rb7 Bd5 51. Ra7 Bb3 52. Ra6+ Kf5
53. Ra7 Kf6 54. Ra8 Ke7 55. Kxg4 Kf6 56. Ra6+ Ke7 57. Kf5 Bc2+ 58. Ke5 Bb3 59.
Ra7+ Kf8 60. Kd6 1-0

[Event "NAYCC U18"]
[Site "Kingston CAN"]
[Date "2019.08.18"]
[Round "6.183"]
[White "Chen, Richard"]
[Black "Wu, Derek"]
[Result "1-0"]
[WhiteElo "2291"]
[BlackElo "2032"]
[Annotator ",Microsoft"]
[PlyCount "96"]
[EventDate "2019.08.16"]
[EventType "swiss"]
[EventRounds "9"]
[EventCountry "CAN"]

1. e4 e5 2. Nf3 Nc6 3. Bc4 Bc5 4. c3 Nf6 5. d3 O-O 6. O-O d5 7. exd5 Nxd5 8.
Re1 Bg4 9. h3 Bh5 10. Nbd2 Nb6 11. Bb5 Bd6 12. Ne4 f5 13. Ng3 Bxf3 14. Qxf3 Qd7
15. Nf1 a6 16. Bxc6 bxc6 17. Be3 Rae8 18. Rad1 Nd5 19. a3 a5 20. c4 Nxe3 21.
Nxe3 e4 22. dxe4 fxe4 23. Qh5 Qe7 24. Qxa5 Qh4 25. Qd2 Re6 26. c5 Bxc5 27. b4
Bd6 28. Qa2 Qe7 29. Qc4 Kh8 30. Re2 h5 31. Nf1 Qf6 32. Rde1 Be5 33. Qc2 Bd4 34.
Ng3 Qg6 35. Kh1 Rfe8 36. Rxe4 Bxf2 37. Qxf2 Rxe4 38. Nxe4 Rxe4 39. Rxe4 Qxe4
40. Qf3 Qe1+ 41. Kh2 Qe5+ 42. Qg3 Qe7 43. Qf4 c5 44. b5 g5 45. Qf3 h4 46. Qg4
Kg7 47. a4 Kh6 48. a5 Qe1 {
Here both scoresheets read: 49. Qc6+ Kh5 50. Qxc7 c4 51. Qh7 mate.} 1-0

[Event "NAYCC U18"]
[Site "Kingston CAN"]
[Date "2019.08.18"]
[Round "6.185"]
[White "Xu, Jeffrey"]
[Black "Chasin, Nico"]
[Result "0-1"]
[WhiteElo "2067"]
[BlackElo "2178"]
[PlyCount "54"]
[EventDate "2019.08.16"]
[EventType "swiss"]
[EventRounds "9"]
[EventCountry "CAN"]

1. b3 e5 2. Bb2 Nc6 3. e3 Nf6 4. d4 exd4 5. exd4 d5 6. Nf3 Bd6 7. Be2 O-O 8.
O-O Bf5 9. a3 Ne7 10. Nbd2 Ng6 11. Re1 Re8 12. Rc1 c6 13. Nf1 Bf4 14. Ra1 h5
15. Bd3 Be4 16. Bxe4 dxe4 17. N3d2 h4 18. c4 Qd7 19. h3 Qf5 20. Ne3 Qg5 21.
Ndf1 Bc7 22. Ng4 Nh5 23. Kh1 f5 24. Nge3 Ngf4 25. Bc3 Re6 26. Nd2 Rg6 27. Rg1
Nd3 0-1

[Event "NAYCC U18"]
[Site "Kingston CAN"]
[Date "2019.08.18"]
[Round "6.186"]
[White "Wu, Rochelle"]
[Black "Samadashvili, Martha"]
[Result "0-1"]
[WhiteElo "2161"]
[BlackElo "2086"]
[PlyCount "130"]
[EventDate "2019.08.16"]
[EventType "swiss"]
[EventRounds "9"]
[EventCountry "CAN"]

1. e4 c5 2. Nf3 e6 3. d4 cxd4 4. Nxd4 Nc6 5. Nc3 Qc7 6. Be3 a6 7. Be2 Nf6 8.
O-O Be7 9. f4 d6 10. Qe1 O-O 11. Qg3 Nxd4 12. Bxd4 b5 13. a3 Bb7 14. Kh1 Bc6
15. Rad1 Rfd8 16. Bf3 Ne8 17. Rfe1 Qb7 18. Rd3 Rac8 19. Qf2 b4 20. axb4 Qxb4
21. g4 Bf6 22. Bxf6 Nxf6 23. g5 Nd7 24. Bg2 Bb5 25. Rh3 Nf8 26. f5 Qc5 27. Qh4
Qe5 28. f6 Rd7 29. Ree3 Rc5 30. fxg7 Qxg7 31. e5 d5 32. Re1 Ng6 33. Qg3 Bc6 34.
Rh6 Rc4 35. Kg1 Ne7 36. Rf6 Nf5 37. Rxf5 exf5 38. e6 fxe6 39. Rxe6 Qd4+ 40. Kh1
Kg7 41. Qh3 Rf7 42. Qh6+ Kg8 43. g6 hxg6 44. Qxg6+ Rg7 45. Re8+ Bxe8 46. Qxe8+
Kh7 47. Qh5+ Kg8 48. Qe8+ Kh7 49. Qh5+ Kg8 50. Bxd5+ Kf8 51. Qxf5+ Ke8 52. Qe6+
Kd8 53. Qd6+ Rd7 54. Qf8+ Kc7 55. Bxc4 Qxc4 56. Qf3 Qc6 57. Qxc6+ Kxc6 58. Ne4
Rd4 59. Nf2 Rd2 60. Nd3 a5 61. b3 Rxc2 62. h4 Rc3 63. Ne5+ Kd5 64. Nc4 Rxb3 65.
Nxa5 Rb5 0-1

[Event "NAYCC U18"]
[Site "Kingston CAN"]
[Date "2019.08.18"]
[Round "6.187"]
[White "Li, Max"]
[Black "Huang, Andy"]
[Result "0-1"]
[WhiteElo "2113"]
[BlackElo "2263"]
[PlyCount "86"]
[EventDate "2019.08.16"]
[EventType "swiss"]
[EventRounds "9"]
[EventCountry "CAN"]

1. e4 c5 2. Nf3 Nc6 3. d4 cxd4 4. Nxd4 Nf6 5. Nc3 e5 6. Ndb5 d6 7. Nd5 Nxd5 8.
exd5 Nb8 9. a4 Be7 10. Be2 O-O 11. O-O f5 12. f4 Nd7 13. Kh1 a6 14. Na3 Qc7 15.
Nc4 b6 16. Ra3 Bf6 17. Be3 Rb8 18. Rb3 Nc5 19. fxe5 Nxb3 20. exf6 Nc5 21. Nxd6
Qxd6 22. Bf4 Qxf6 23. Bxb8 Nxa4 24. Bc7 Nxb2 25. Qd2 b5 26. d6 Bd7 27. Re1 Re8
28. Bf1 Re5 29. Rb1 Nc4 30. Bxc4+ bxc4 31. Rb8+ Kf7 32. h3 Rb5 33. Rxb5 axb5
34. Ba5 Qa1+ 35. Kh2 Qe5+ 36. Kg1 f4 37. Bc3 Qe4 38. Qd4 Qxd4+ 39. Bxd4 b4 40.
Kf2 g5 41. Bc5 b3 42. cxb3 cxb3 43. Ba3 Ke6 0-1

[Event "NAYCC U18"]
[Site "Kingston CAN"]
[Date "2019.08.18"]
[Round "6.188"]
[White "Ravuri, Vinesh"]
[Black "Huang, Qiuyu"]
[Result "1-0"]
[WhiteElo "2192"]
[BlackElo "2020"]
[PlyCount "123"]
[EventDate "2019.08.16"]
[EventType "swiss"]
[EventRounds "9"]
[EventCountry "CAN"]

1. d4 f5 2. e4 fxe4 3. Nc3 Nf6 4. Bg5 Nc6 5. d5 Ne5 6. Qe2 c6 7. O-O-O d6 8.
Bxf6 gxf6 9. Qh5+ Nf7 10. Nxe4 Bh6+ 11. Kb1 O-O 12. Bc4 cxd5 13. Bxd5 Bg7 14.
Nf3 e6 15. Bb3 Qb6 16. Qh4 Qd8 17. Nxd6 Nxd6 18. Qf4 Qe8 19. Rxd6 Kh8 20. Rhd1
e5 21. Qe4 Qg6 22. Qxg6 hxg6 23. Be6 Bxe6 24. Rxe6 Rad8 25. Red6 Rxd6 26. Rxd6
Rf7 27. Nd2 Bf8 28. Rd8 Kg7 29. Ne4 Be7 30. Rd5 f5 31. Nd6 Bxd6 32. Rxd6 Kh6
33. Kc1 Kh5 34. Kd2 g5 35. h3 g4 36. hxg4+ Kxg4 37. Ke3 Kg5 38. g3 f4+ 39.
gxf4+ Rxf4 40. Rd7 Rb4 41. b3 Kf5 42. c3 Ke6 43. Rh7 Rb5 44. c4 Rb4 45. Ke4 a5
46. Rh6+ Kd7 47. Kxe5 a4 48. Rh3 axb3 49. axb3 b5 50. Rd3+ Kc7 51. Rc3 Kd7 52.
f4 bxc4 53. bxc4 Rb6 54. c5 Rc6 55. f5 Ke7 56. Rc1 Kd7 57. Kd5 Kc7 58. Rg1 Rf6
59. Rg7+ Kd8 60. Ke5 Rc6 61. Rg6 Rxc5+ 62. Kd6 1-0

[Event "NAYCC U18"]
[Site "Kingston CAN"]
[Date "2019.08.18"]
[Round "6.189"]
[White "Wang, Jake"]
[Black "Zhang, Henry"]
[Result "0-1"]
[WhiteElo "2116"]
[BlackElo "2151"]
[PlyCount "100"]
[EventDate "2019.08.16"]
[EventType "swiss"]
[EventRounds "9"]
[EventCountry "CAN"]

1. d4 Nf6 2. Nf3 g6 3. Bf4 Bg7 4. Nc3 d5 5. Nb5 Na6 6. e3 O-O 7. h3 c5 8. Nc3
cxd4 9. exd4 Nb4 10. a3 Nc6 11. Be2 Ne4 12. O-O Nxc3 13. bxc3 Bf5 14. Bd3 Bxd3
15. cxd3 Rc8 16. Qb3 b6 17. Rac1 Kh8 18. Rfd1 Qd7 19. Qb5 Rfd8 20. a4 Kg8 21.
Be3 Na5 22. Qb4 e6 23. c4 Bf8 24. c5 f6 25. Rc2 Nc6 26. Qb5 bxc5 27. dxc5 d4
28. Bd2 Kg7 29. a5 Be7 30. a6 Rb8 31. Qa4 e5 32. Qa2 Qd5 33. Rc4 Rb5 34. Rb1
Rdb8 35. Rxb5 Rxb5 36. Qa4 Rxc5 37. Qb3 e4 38. Qb7 exf3 39. Bb4 Rb5 40. Qc7 Qe5
41. Rxc6 Rxb4 42. Qxe5 fxe5 43. Rc7 Kf6 44. gxf3 Rb3 45. Rxa7 Rxd3 46. f4 exf4
47. Kf1 Rxh3 48. Ke2 Ra3 49. Rd7 Rxa6 50. Rxd4 Ra2+ 0-1

[Event "NAYCC U18"]
[Site "Kingston CAN"]
[Date "2019.08.18"]
[Round "6.190"]
[White "Merrigan, Daley"]
[Black "Eidelman, Gabriel"]
[Result "1/2-1/2"]
[WhiteElo "1917"]
[BlackElo "2133"]
[PlyCount "82"]
[EventDate "2019.08.16"]
[EventType "swiss"]
[EventRounds "9"]
[EventCountry "CAN"]

1. Nf3 Nf6 2. g3 g6 3. Bg2 Bg7 4. O-O O-O 5. c4 d6 6. Nc3 e5 7. d3 a5 8. Rb1 c6
9. a3 Na6 10. Bg5 Nc5 11. b4 axb4 12. axb4 Ne6 13. Bxf6 Bxf6 14. Nd2 Bd7 15. b5
Bg7 16. e3 f5 17. bxc6 bxc6 18. Na4 Rb8 19. Rxb8 Qxb8 20. Qc2 Qc7 21. Rb1 f4
22. Qb3 fxe3 23. fxe3 Bh6 24. Nf1 Qa7 25. c5 d5 26. Qb7 Qxa4 27. Qxd7 Nxc5 28.
Qe7 Qa2 29. Rb6 Qf2+ 30. Kh1 Bxe3 31. Nxe3 Qe1+ 32. Bf1 Qxe3 33. Rb1 Qf3+ 34.
Kg1 Qe3+ 35. Kh1 Qf3+ 36. Kg1 Qf2+ 37. Kh1 Qf3+ 38. Kg1 Qf2+ 39. Kh1 Rf7 40.
Qe8+ Rf8 41. Qe7 Qf3+ 1/2-1/2

[Event "NAYCC U18"]
[Site "Kingston CAN"]
[Date "2019.08.18"]
[Round "6.191"]
[White "Rama, Tejas"]
[Black "Wang, George"]
[Result "1/2-1/2"]
[WhiteElo "2022"]
[BlackElo "1887"]
[PlyCount "167"]
[EventDate "2019.08.16"]
[EventType "swiss"]
[EventRounds "9"]
[EventCountry "CAN"]

1. Nf3 d5 2. c4 c6 3. d4 Nf6 4. Nbd2 Bf5 5. Qb3 Qb6 6. Qxb6 axb6 7. cxd5 cxd5
8. e3 Nc6 9. Bb5 Nd7 10. Nh4 Bc2 11. Ke2 e6 12. b3 Be7 13. Nhf3 O-O 14. Bb2
Rfc8 15. Rhc1 Bg6 16. a3 Ra5 17. a4 Raa8 18. Ne1 Ndb8 19. f3 Bd6 20. g3 Na6 21.
Bc3 Nab4 22. Bxb4 Nxb4 23. e4 e5 24. exd5 exd4 25. Rxc8+ Rxc8 26. Nc4 Bc5 27.
d6 Rd8 28. d7 Bf5 29. Ne5 f6 30. N5d3 Bxd7 31. Bxd7 Rxd7 32. Kd2 Re7 33. Rc1
Na6 34. Rc4 Rd7 35. Nc2 Kf7 36. b4 Be7 37. Nxd4 Nc7 38. Nf5 Bf8 39. Ne3 Ne6 40.
Kc3 g6 41. f4 Be7 42. Ng4 Bd6 43. Rc8 Rc7+ 44. Rxc7+ Nxc7 45. Kc4 Ke6 46. Ne3
Be7 47. g4 f5 48. gxf5+ gxf5 49. Nc2 Bd6 50. Nd4+ Kf6 51. Nf3 Ne6 52. Nfe5 Nxf4
53. Nd7+ Ke7 54. Nxb6 Nxd3 55. Kxd3 Bxh2 56. Nd5+ Ke6 57. Nc3 Bd6 58. b5 Bb4
59. Na2 Ba5 60. Nc1 Kd5 61. Nb3 b6 62. Nxa5 bxa5 63. Ke3 h5 64. Kf3 h4 65. Kf4
Kc5 66. Kf3 Kb6 67. Kf4 Kb7 68. Kf3 Kc7 69. Kf4 Kb6 70. Kf3 Kc5 71. Kf4 Kd6 72.
Kf3 Ke5 73. Kf2 f4 74. Kg2 Kd6 75. Kf2 h3 76. Kf3 Ke5 77. Kf2 Kd6 78. Kf3 Kc5
79. Kf2 Kb6 80. Kf3 Kb7 81. Kf2 Kc7 82. Kf3 Kd6 83. Kf2 Ke5 84. Kf3 1/2-1/2

[Event "NAYCC U18"]
[Site "Kingston CAN"]
[Date "2019.08.18"]
[Round "6.192"]
[White "Zhou, Joey"]
[Black "Leong, Ryan"]
[Result "0-1"]
[WhiteElo "1586"]
[BlackElo "1926"]
[PlyCount "78"]
[EventDate "2019.08.16"]
[EventType "swiss"]
[EventRounds "9"]
[EventCountry "CAN"]

1. d4 Nf6 2. Bf4 c5 3. e3 cxd4 4. exd4 g6 5. Nf3 Bg7 6. Bd3 d6 7. h3 O-O 8. O-O
Nc6 9. c3 h6 10. Nbd2 e5 11. Bh2 exd4 12. Nxd4 Nxd4 13. cxd4 Qb6 14. Qb3 Qxd4
15. Nf3 Qb6 16. Rfd1 Qxb3 17. axb3 d5 18. Bf1 Be6 19. Nd4 Ne4 20. f3 Nc5 21.
Ra3 Rfd8 22. g4 a6 23. b4 Nd7 24. Re3 Re8 25. f4 Nb6 26. b3 Rac8 27. Bg2 Kh7
28. f5 gxf5 29. gxf5 Bxd4 30. Rxd4 Bxf5 31. Rxe8 Rxe8 32. Bc7 Na8 33. Rxd5 Be6
34. Rd8 Nxc7 35. Rxe8 Nxe8 36. Bxb7 Nc7 37. Be4+ Kg7 38. h4 Bxb3 39. Kf2 Nd5
0-1

[Event "NAYCC U18"]
[Site "Kingston CAN"]
[Date "2019.08.18"]
[Round "6.193"]
[White "De Costa, Alex"]
[Black "Zhao, Harry"]
[Result "0-1"]
[WhiteElo "1797"]
[BlackElo "1950"]
[PlyCount "66"]
[EventDate "2019.08.16"]
[EventType "swiss"]
[EventRounds "9"]
[EventCountry "CAN"]

1. Nf3 d5 2. g3 Nf6 3. Bg2 Nbd7 4. d3 e5 5. O-O Bd6 6. e4 c6 7. Nbd2 O-O 8. Re1
Re8 9. c3 a5 10. d4 exd4 11. Nxd4 Nc5 12. exd5 Nxd5 13. Ne4 Bf8 14. Bd2 Ne6 15.
Nxe6 Bxe6 16. c4 Nb4 17. b3 Bf5 18. Bc3 Qxd1 19. Raxd1 Nxa2 20. Bb2 Nb4 21. h3
Rad8 22. Rxd8 Rxd8 23. Re2 Rd1+ 24. Kh2 Rd3 25. Re3 Rxe3 26. fxe3 Nc2 27. Bd4
Nxd4 28. exd4 b5 29. Nc3 Bb4 30. Na2 bxc4 31. bxc4 Bd2 32. Bxc6 Bb1 33. d5 Bxa2
0-1